000
00247nam a2200109Ia 4500
999
_c
9715
_d
9715
020
_a
9780201590982
100
_a
Hoffer, Prescott
245
0
_a
Modern Database Management
260
_a
Canada
_b
Tata McGraw Hill
_c
2002
300
_a
160
942
_c
BK